000
00217nam a22001097a 4500
041
_a
eng
080
_a
80
100
_a
Hellerstein, David
245
_a
Battles of life and death.
650
_a
Fiction
999
_c
279127
_d
279127
942
_c
BK